| 000 | 00707nam a2200229 4500 | ||
|---|---|---|---|
| 003 | OSt | ||
| 005 | 20260601171012.0 | ||
| 008 | 260421b2022\\\\mx\a||||\||||\00|\0\spa\d | ||
| 040 |
_aICI _bspa _cICI _erda |
||
| 050 |
_aF1226 _bO55 |
||
| 100 |
_aOliver Rodríguez, Jesús Alberto _eautor _933315 |
||
| 245 |
_aQuinto centenario _bhistoria mexicana _cAlberto Oliver |
||
| 246 | 1 | _aHistoria mexicana | |
| 250 | _a 1a edición, Conmemorativa del Quinto Centenario | ||
| 264 |
_aCiudad de México _b Revista Acacia _c2022 |
||
| 300 | _a234 páginas | ||
| 336 |
_2rdacontent _atexto |
||
| 337 |
_2rdamedia _asin medio |
||
| 338 |
_2rdacarrier _avolumen |
||
| 651 |
_a México _x Historia _9614 |
||
| 942 |
_2ddc _n0 _cB |
||
| 999 |
_c20550 _d20550 |
||